Central Library and Information Centre
Sibsagar Girls' College, Sivasagar : Assam

A CLASS BOOK OF MATHEMATICS (for XI) (Record no. 12835)

MARC details
000 -LEADER
fixed length control field 00477cam a2200193ua 4500
008 - FIXED-LENGTH DATA ELEMENTS--GENERAL INFORMATION
fixed length control field 160314n2011 II |||gr||||Z||||||eng
040 ## - CATALOGING SOURCE
Original cataloging agency MAIN
041 ## - LANGUAGE CODE
-- English
082 ## - DEWEY DECIMAL CLASSIFICATION NUMBER
Classification number 510 MAT
245 ## - TITLE STATEMENT
Title A CLASS BOOK OF MATHEMATICS (for XI)
250 ## - EDITION STATEMENT
Edition statement REV.
260 ## - PUBLICATION, DISTRIBUTION, ETC.
Place of publication, distribution, etc. NEW DELHI
Name of publisher, distributor, etc. S.CHAND & COMPANY
Date of publication, distribution, etc. 2011
300 ## - PHYSICAL DESCRIPTION
Extent 447:
Dimensions 20CM.
700 ## - ADDED ENTRY--PERSONAL NAME
Personal name CHAKRAVARTY, DR. ,
Relator term Author.,
700 ## - ADDED ENTRY--PERSONAL NAME
Personal name BHAGAWATI,B.,
Relator term AUTHOR.
942 ## - ADDED ENTRY ELEMENTS (KOHA)
Koha item type Books
653 ## - INDEX TERM--UNCONTROLLED
Uncontrolled term Mathematics
Holdings
Withdrawn status Lost status Damaged status Not for loan Collection code Home library Current library Shelving location Date acquired Full call number Barcode Date last seen Copy number Price effective from Koha item type Public note
Withdrawn       TBMAT Central Library and Information Centre Sibsagar Girls College Central Library and Information Centre Sibsagar Girls College Science Section 18.03.1987 510 MAT 09253 27.02.2020 1 27.02.2020 Books v


Sibsagar Girl's College © 2020. All rights reserved.
Powered by Koha.
Maintained by Abhijit Borpuzari.